[Event "Dortmund SuperGM 24th"]
[Site "Dortmund"]
[Date "1996.07.11"]
[Round "6"]
[White "Lobron, Eric"]
[Black "Polgar, Judit"]
[Result "0-1"]
[WhiteElo "2585"]
[BlackElo "2665"]
[Annotator "Hazai"]
[PlyCount "106"]
[EventDate "1996.07.05"]
[EventType "tourn"]
[EventRounds "9"]
[EventCountry "GER"]
[EventCategory "18"]
[Source "ChessBase"]
[SourceDate "1996.10.01"]

1. d4 {Dolmatov} Nf6 2. Nf3 g6 3. c4 Bg7 4. Nc3 O-O 5. e4 d6 6. Be2 e5 7. O-O
Nc6 8. d5 Ne7 9. b4 Nh5 (9... a5 $10 {Dolmatov}) 10. Re1 (10. Qb3 {Dolmatov}
Nf4 11. Bxf4 exf4 12. c5 h6 13. h4 g5 14. hxg5 hxg5 15. Nxg5 Ng6 16. Nf3 Bg4
$44 {Skembris,S-Rogers,I/Wijk aan Zee/1995/}) 10... a5 11. bxa5 (11. Ba3 {
Dolmatov} Nf4 12. Bf1 Bg4 $10) 11... Rxa5 12. Nd2 Nf4 13. Bf1 c5 14. Rb1 f5 (
14... h5 {Dolmatov} 15. g3 Nh3+ 16. Bxh3 Bxh3 17. Rxb7) (14... Ra7 $5 {Dolmatov
} 15. a4 h5) 15. g3 Nh5 16. exf5 Nxf5 17. Nde4 (17. g4 {is the critical move
again, for example:} Nh4 (17... Nd4 18. gxh5 Qg5+ 19. Kh1 Bg4 20. f3 Nxf3 21.
Nxf3 Qxh5 22. Bg2 Rxf3 (22... e4 23. Rxe4 Bxc3 24. Rxg4 Qxg4 25. Qe2) 23. Re4)
18. gxh5 Qg5+ 19. Kh1 Rxf2 {/\ Rxf1} (19... Bg4 20. f3 Nxf3 {See 17...Nd4} (
20... Bxh5 21. Nce4)) 20. Re2 (20. Re4 Qf6 (20... Bf5 21. Nf3) 21. Qe1 Bh6 $44)
(20. Nde4 {Dolmatov} Rxf1+ 21. Rxf1 Qg2#) 20... Bg4 21. Rxf2 (21. Nce4 Bxe2 22.
Qxe2 Rxe2 (22... Qg2+ 23. Bxg2 Rxe2 24. Bf1 Re1 25. Kg1 (25. Bb2 Rxb1 26. Nxb1
Rxa2)) 23. Nxg5 Re1 24. Rxb7 (24. Kg1 Bh6) 24... Ra8 25. Bb2 Bh6) 21... Bxd1
22. Nxd1) 17... Nd4 18. Bg2 Nf6 $10 (18... h6 $5) (18... Ra6 $5 {Dolmatov} 19.
a4 Qd7 $132) 19. Bg5 Ra3 (19... Rf7 $5 {Dolmatov} 20. a4 Qf8) 20. Qc1 Ra6 21.
a4 Qd7 22. Bxf6 Bxf6 23. Nb5 (23. Nxf6+ $6 Rxf6 24. f4 exf4 25. gxf4 Qf7 $17)
23... Nf5 (23... Be7 {Dolmatov}) 24. Qd1 (24. Bh3 $6 Qe7) 24... Qd8 25. Rb2 Be7
26. h4 Bd7 (26... h6 $5) (26... Qa5 {Dolmatov} 27. Nbc3 Nd4 $132) 27. Nbc3 Qc8
(27... Qa8 {Dolmatov} 28. Qb1 Rb8) 28. Qd3 (28. h5 {Dolmatov} Kg7) 28... Qc7 (
28... Bxa4 $2 29. Reb1 $16) 29. Reb1 Bc8 30. Qd1 $2 (30. Ng5 $1 Bxg5 (30... Nd4
31. Ne6 $1) 31. hxg5 Nd4 32. Ne4) 30... h6 $1 31. Qd3 Bd8 $1 32. Qd1 Qe7 33.
Ne2 Ba5 $1 34. Nc1 Rf7 35. Nd3 Nd4 (35... Ra8 $1) 36. f4 $1 (36. h5 g5 37. g4)
36... exf4 37. Nxf4 Rxf4 (37... Kg7 38. h5 g5 39. Ng6 Qd8) 38. gxf4 Qxh4 39.
Rxb7 $2 (39. Qf1 {/\ Qf2}) 39... Bxb7 40. Rxb7 Ra8 (40... Qxf4 41. Rb8+ Kg7 42.
Rb7+ $10) 41. Qg4 (41. Qf1 Rf8 42. Nxd6 Qg4) 41... Qxg4 42. Nf6+ Kf8 43. Nxg4
Bd2 44. Be4 (44. Nf6 Bxf4 (44... Bxf4 {Dolmatov} 45. Rd7 (45. Nh7+ Ke8 46. Nf6+
Kd8 47. Bh3 Nf5) (45. Nd7+ Ke8 46. Nb6 Ra6 47. Bh3 Nf5 48. Bxf5 gxf5 49. Kf2
$10) 45... Be5)) 44... Ne2+ $1 45. Kf2 Nxf4 46. Bc2 (46. Nf6 Bc3) 46... Re8 47.
Nxh6 (47. Nf6 Re2+ (47... Re7 $2 48. Rxe7 Kxe7 49. Ng8+ $10) 48. Kf3 (48. Kf1 {
Dolmatov} Bc3 $17) 48... Bc3 49. Bxg6) 47... Re2+ 48. Kf1 (48. Kf3) (48. Kf3 {
Dolmatov} Re3+ 49. Kg4 Ne2 (49... Nh5 $2 50. Nf5 $10) 50. Rf7+ (50. Bxg6 Rg3+
51. Kf5 Nd4+ $19) 50... Ke8 51. Rf3 Rxf3 52. Kxf3 Nd4+ $19) 48... Rh2 49. a5 (
49. Ng4) 49... Be3 (49... Rxh6 50. a6 Be3 51. Be4 (51. Be4 {Dolmatov} Rh2 52.
a7 Rf2+ $10)) 50. Be4 Ra2 51. Bxg6 $4 (51. Ng4 Bd4) 51... Rf2+ $19 52. Ke1 Ng2+
53. Kd1 Bxh6 (53... Bxh6 {Dolmatov} 54. a6 Rd2+ 55. Kc1 Ra2+ $19) 0-1

[Event "Dortmund SuperGM 24th"]
[Site "Dortmund"]
[Date "1996.07.14"]
[Round "9"]
[White "Polgar, Judit"]
[Black "Leko, Peter"]
[Result "1/2-1/2"]
[WhiteElo "2665"]
[BlackElo "2630"]
[Annotator "Ribli"]
[PlyCount "101"]
[EventDate "1996.07.05"]
[EventType "tourn"]
[EventRounds "9"]
[EventCountry "GER"]
[EventCategory "18"]
[Source "ChessBase"]
[SourceDate "1996.10.01"]

1. e4 c5 2. Nf3 e6 3. d4 cxd4 4. Nxd4 Nc6 5. Nc3 Qc7 6. Be3 a6 7. Bd3 b5 (7...
Nf6) 8. O-O Bb7 9. Nxc6 Qxc6 10. Re1 (10. Kh1 Nf6 11. f3 Bc5 12. Qe1 Bxe3 13.
Qxe3 Qc7 $1 14. a4 b4 15. Na2 a5 16. c3 bxc3 17. Nxc3 O-O $10 {Almasi,Z-Leko,P/
Groningen/1995/CBM48/INF65,188/}) 10... Nf6 11. Bd4 Be7 12. Qf3 b4 $5 $146 (
12... d6) (12... Qc7 13. a3 Rc8 $6 14. Qh3 h5 15. e5 Ng4 16. Be4 g6 17. Qf3 Bc6
18. h3 Nh6 19. g4 hxg4 20. hxg4 Ng8 21. Kg2 $16 {und Weiß hatte großen
Raumvorteil./Popovic - Leko/Beograd/1996/CBM52/INF66,(155)/}) 13. Nd1 d6 14. b3
(14. Qg3 O-O 15. Ne3 g6 $13 (15... e5 $4 16. Nf5 $18)) 14... O-O 15. Bb2 Nd7
$10 {Schwarz droht mit 16...Bf6 den gefährlichen Läufer zu tauschen.} 16. Qh3
Ne5 17. Ne3 (17. Bxe5 $2 {-ein grober positioneller Fehler-} dxe5 $17 {und
Weiß ist auf den schwarzen Feldern sehr schwach.}) 17... Ng6 {Jetzt beginnt
die Manöverphase.Es gibt keine konkreten Ziele, beide Spieler probieren ihre
Figurenstellung zu verbessern.} 18. Rad1 Rfe8 19. Nc4 a5 20. Qg4 Qc5 21. Bf1 d5
22. exd5 Bxd5 23. a4 bxa3 24. Bxa3 Qc7 25. Bxe7 Nxe7 {Weiß hat eine
Bauernmehrheit am Damenflügel, aber das hat keine Bedeutung. Schwarz steht
sehr aktiv.} 26. Ne5 Ng6 (26... Qxc2 27. Bd3 Qxb3 28. Bxh7+) 27. Nxg6 hxg6 28.
Bd3 Rab8 {Weiß steht nur theoretisch besser. Mit einem Läufer auf d5 kann man
die Partie nicht verlieren.} 29. Qg5 Bc6 30. h4 a4 31. bxa4 Bxa4 32. Re4 Bxc2 (
32... Bc6 $10) 33. Rc1 (33. Rc4 Qxc4 34. Bxc4 Bxd1) 33... Rb1 34. Ree1 (34. Rc4
$8 Qd8 $1) 34... Bxd3 35. Rxc7 Rxe1+ 36. Kh2 Rb1 $10 {Weiß hat eine Dame für
Turm, Läufer und Bauer. Der Kampf findet nur am Königsflügel statt, so kann
sich die Kraft der weißen Dame nicht zeigen.} 37. f3 Rb5 38. Qc1 Rd5 39. Qc6
Rf8 40. Re7 Bb5 41. Qb6 Bf1 42. Kg1 Bc4 43. Qb4 {Diese Partie wurde in der
entscheidenden letzten Runde gespielt. Weiß probiert noch etwas, doch kann er
der Punkteteilung nicht ausweichen.} Rd1+ 44. Kh2 Bd5 45. Qg4 Rc1 46. h5 gxh5
47. Qxh5 Rcc8 48. Qg5 Bc6 49. Kg3 Rfe8 50. Ra7 Ra8 51. Rc7 {Eine kämpferische
Partie von zwei jungen Ungarn. Ribli} 1/2-1/2

[Event "Geneve PCA-GP Credit Suisse"]
[Site "Geneve"]
[Date "1996.08.29"]
[Round "1.2"]
[White "Polgar, Judit"]
[Black "Epishin, Vladimir"]
[Result "1-0"]
[WhiteElo "2665"]
[BlackElo "2620"]
[PlyCount "63"]
[EventDate "1996.08.??"]
[EventType "k.o. (rapid)"]
[EventRounds "4"]
[EventCountry "SUI"]
[Source "ChessBase"]
[SourceDate "1996.11.01"]

1. e4 c6 2. d4 d5 3. Nc3 dxe4 4. Nxe4 Nd7 5. Bc4 Ngf6 6. Ng5 e6 7. Qe2 Nb6 8.
Bb3 h6 9. N5f3 c5 10. Bf4 Bd6 11. Bg3 Qc7 12. dxc5 Qxc5 13. O-O-O Bxg3 14. hxg3
Bd7 15. Rh4 Rc8 16. Ne5 Bb5 17. Qe1 O-O 18. Ngf3 Nbd5 19. Kb1 Bc6 20. Qd2 Rfe8
21. Rdh1 Qf8 22. g4 Ne4 23. Qe1 Nd6 24. g5 Nf5 25. gxh6 Nxh4 26. h7+ Kh8 27.
Nxh4 Nf4 28. Qb4 g5 (28... Qxb4 29. Nhg6+ Nxg6 30. Nxf7#) 29. Qd4 Kg7 30. Nf5+
exf5 31. h8=Q+ Qxh8 32. Nxf7+ 1-0

[Event "Yerevan ol (Men)"]
[Site "Yerevan"]
[Date "1996.09.17"]
[Round "2.1"]
[White "Bologan, Viktor"]
[Black "Polgar, Judit"]
[Result "0-1"]
[WhiteElo "2600"]
[BlackElo "2665"]
[Annotator "Dolmatov"]
[PlyCount "124"]
[EventDate "1996.09.15"]
[EventType "team-swiss"]
[EventRounds "14"]
[EventCountry "ARM"]
[Source "ChessBase"]
[SourceDate "1996.12.01"]
[WhiteTeam "Moldova"]
[BlackTeam "Hungary"]
[WhiteTeamCountry "MDA"]
[BlackTeamCountry "HUN"]

1. e4 c5 2. Nf3 d6 3. d4 cxd4 4. Nxd4 Nf6 5. Nc3 a6 6. Be2 e6 7. f4 Be7 8. O-O
O-O 9. Kh1 Nc6 10. Be3 e5 11. Nxc6 $6 (11. Nb3 $5 b5 12. a3 Qc7 13. Bf3 Bb7 14.
Rf2 $14) 11... bxc6 12. fxe5 dxe5 13. Bd3 Be6 $10 14. Na4 Nd7 15. Qe2 Bg5 $6
16. Bg1 (16. Bxg5 $6 Qxg5 17. Bxa6 $2 Bg4 $17) 16... Bf4 17. Bc4 (17. Bxa6 $2
Qa5 $19) 17... Qe7 18. Rad1 a5 19. b3 Rfd8 20. Bf2 $2 (20. Bxe6 Qxe6 21. Rd3
Nf6 22. Rfd1 Rxd3 23. Qxd3 h5 24. h3 h4 25. Nc5 Qe7 26. Qd6 $14) 20... Nf6 21.
Bxe6 Qxe6 22. Nc5 Qg4 23. Qf3 $6 (23. Qxg4 Nxg4 24. Bg1 Ne3 25. Bxe3 Bxe3 26.
Nb7 Rxd1 27. Rxd1 Bd4 (27... a4 28. Rd8+ Rxd8 29. Nxd8 axb3 30. cxb3 c5 31. g3
$14) 28. a4) 23... Qg6 24. h3 Nh5 25. Nd3 (25. g4 Nf6 26. Be3 Bxe3 27. Qxe3 h5
28. g5 $14) 25... Ng3+ 26. Bxg3 Bxg3 27. Nb2 h5 28. Nc4 h4 29. Ne3 Bf4 30. Nf5
Qg5 31. Qg4 g6 $1 32. Nxh4 (32. Qxg5 $5 Bxg5 33. Nd6 Rd7 34. Nc4 Rad8 35. Rxd7
Rxd7 36. Nxe5 Rd2 $44) 32... Qxg4 33. hxg4 Kg7 34. g3 (34. Nf3 Rh8+ 35. Kg1
Be3+) 34... Bxg3 35. Nf3 Bf4 36. a4 f5 37. gxf5 (37. exf5 $5 gxf5 38. Nd4 Rh8+
39. Kg2 fxg4 40. Ne6+ $10) 37... gxf5 38. Nd4 Rh8+ 39. Kg2 fxe4 40. Ne6+ Kf6
41. Nxf4 Rag8+ 42. Ng6+ Ke6 43. Kf2 Rxg6 44. Ke2 (44. Ke3 $2 Rg3+) 44... Rg3 $1
45. Rh1 Rxh1 46. Rxh1 Kd5 47. Rd1+ Kc5 48. Rd8 Kb4 49. Rb8+ Kc3 50. Ra8 Kd4 51.
Rd8+ Kc5 52. Ra8 Kb4 53. Rb8+ Kc3 54. Ra8 e3 55. Ra6 (55. Rc8 Kxc2 56. Rxc6+
Kxb3 $19) (55. Rxa5 Kd4 56. Ra8 Rg2+ 57. Ke1 Rxc2 58. a5 $10 e2 59. Kf2) 55...
c5 56. Rxa5 Kd4 57. c3+ $2 Ke4 58. Rxc5 Rg2+ 59. Kd1 Rg1+ 60. Ke2 Rg2+ 61. Kd1
Ra2 $1 (61... Kf3 $2 62. Rxe5 Rg1+ 63. Kc2 e2 64. a5 e1=Q 65. Rxe1 Rxe1 66. b4
$10) 62. Rc8 $4 (62. a5 Kf4 63. b4 e4 64. Ke1 e2 65. Kf2) 62... e2+ 0-1

[Event "Yerevan ol (Men)"]
[Site "Yerevan"]
[Date "1996.10.01"]
[Round "14.1"]
[White "Polgar, Judit"]
[Black "Short, Nigel D"]
[Result "0-1"]
[WhiteElo "2665"]
[BlackElo "2695"]
[Annotator "Chekhov"]
[PlyCount "78"]
[EventDate "1996.09.15"]
[EventType "team-swiss"]
[EventRounds "14"]
[EventCountry "ARM"]
[Source "ChessBase"]
[SourceDate "1996.12.01"]
[WhiteTeam "Hungary"]
[BlackTeam "England"]
[WhiteTeamCountry "HUN"]
[BlackTeamCountry "ENG"]

1. e4 e5 2. Nf3 Nc6 3. Bb5 a6 4. Ba4 Nf6 5. O-O Be7 6. Re1 d6 7. c3 Bg4 8. h3
Bh5 9. d4 (9. d3 Qd7 (9... Nd7 10. Nbd2 Nc5 11. Bxc6+ bxc6 12. Nf1 Ne6 13. Ng3
Bxf3 14. Qxf3 g6 15. Qd1 c5 16. Ne2 Bg5 17. d4 Bxc1 18. Rxc1 O-O $10 {
Ljubojevic,L-Kavalek,L/Torino/1982/0,5/28/}) 10. Nbd2 g5 11. Bxc6 Qxc6 12. d4
O-O-O 13. Qb3 g4 14. hxg4 Nxg4 15. Nc4 Rhg8 $132 {Cseshkovsky,V-Mikhalchishin,
A/Daugavpils/1978/0|1/84/}) 9... b5 (9... Nd7 10. Be3 Bxf3 11. Qxf3 O-O 12. Nd2
Bg5 13. Bxc6 bxc6 14. Nc4 Bxe3 15. Qxe3 Re8 16. Na5 $14 {Tal,M-Spassky,B/
Leningrad/1962/0,5/19/}) 10. Bb3 Bxf3 11. Qxf3 (11. gxf3 Na5 12. Bc2 Nh5 $132)
11... exd4 12. Qd3 dxc3 13. Qxc3 Qd7 14. Bh6 $6 (14. Bd5 Nxd5 15. exd5 Ne5 16.
f4 Ng6 17. Qxg7 O-O-O 18. Qxf7 Rde8 $146) 14... b4 $1 (14... gxh6 $2 15. Bd5
Ne5 16. Bxa8 O-O 17. Bd5 $16) 15. Qe3 gxh6 16. Ba4 Rb8 17. Nd2 Rb5 18. Bxb5
axb5 19. Nf3 Rg8 20. Kh1 Rg6 21. a4 (21. Rac1 $5) 21... bxa3 22. Rxa3 Nh5 23.
Ra8+ Nd8 24. Nd4 Bg5 25. Qf3 Ng7 26. Rb8 $6 (26. e5 $5 d5 27. Rb8 c6 28. Ra1
$44) 26... Nge6 $1 27. Nxb5 (27. Nf5 $5) 27... c6 28. Nc3 Qa7 29. Rb4 (29. Rc8
Qb7 $19) 29... Rf6 30. Qd1 Rxf2 31. e5 (31. Qxd6 Be7 $19) 31... d5 32. Qd3 Qc5
33. Rg4 Rxb2 34. h4 Rb3 35. hxg5 Rxc3 36. Qxh7 hxg5 $19 37. Qg8+ Qf8 38. Qh7
Qa3 39. Qb1 (39. Qg8+ Ke7 $19) 39... Rh3+ (39... Rh3+ 40. gxh3 (40. Kg1 Qc5+
41. Kf1 Rh1+ 42. Ke2 Nf4+ $19) 40... Qxh3+ 41. Kg1 Qxg4+ $19) 0-1

[Event "Tilburg Fontys"]
[Site "Tilburg"]
[Date "1996.10.18"]
[Round "7"]
[White "Sutovsky, Emil"]
[Black "Polgar, Judit"]
[Result "1-0"]
[WhiteElo "2565"]
[BlackElo "2665"]
[Annotator "Sutovsky,E"]
[PlyCount "43"]
[EventDate "1996.10.11"]
[EventType "tourn"]
[EventRounds "11"]
[EventCountry "NED"]
[EventCategory "16"]
[Source "ChessBase"]
[SourceDate "1997.02.01"]

1. e4 {Boensch} c5 2. Nf3 d6 3. d4 cxd4 4. Nxd4 Nf6 5. Nc3 a6 6. Be2 e6 7. f4
Be7 8. Be3 O-O 9. O-O Qc7 $6 {Once again!I didn't expect this move from Judith
just two rounds after my victory over L.Van Wely.I understood that black
prepared something,but believing in my own analysis,I played:} 10. g4 $1 Nc6 $5
{Intereseting attempt.Other moves-10...Re8,10...d5,10...b5  I  analized in
commentaries to the game E.Sutovsky-L.Van Wely,Tilburg,1996 ,which you could
see earlier,so this time I  won't analize these moves.} (10... b5 {Boensch} 11.
g5 Nfd7 12. Bd3 $1 Re8 13. Qh5 g6 14. Qh4 b4 15. Nce2 Bb7 $2 16. Rf3 h5 17. Ng3
Bf8 18. Nxh5 $1 $18 {1-0 Sutovskij,E-Van Wely,L/Tilburg Fontys 1996 (23) -CBM
56}) (10... Re8 {Boensch} 11. f5 Bf8 12. g5 Nfd7 13. Nxe6 $3 $16 {1-0 Shirov,
A-Polgar,J/Tilburg Fontys 1996 (29) -CBM 56}) (10... d5 $5 {Boensch} 11. exd5
$1 Nxd5 12. Nxd5 exd5 13. Bf3 Rd8 14. Qd2 $14 {Sax,G-Eising/GER/1972/}) 11. g5
Nd7 12. f5 {White has to play f4-f5 immediately,otherwise black solves all his
problems;for example:} (12. Bd3 Nxd4 13. Bxd4 e5 14. Nd5 (14. Be3 exf4 15. Nd5
(15. Bxf4 $2 Bxg5 $1 16. Bxg5 Qc5+ 17. Kh1 Qxg5 $17) 15... Qd8 16. Bxf4 Ne5 {
and black hasn't any problems.}) 14... Qd8 15. Nxe7+ (15. Be3 {Boensch} exf4
16. Bxf4 Ne5 (16... Bxg5 $4 17. Bxd6 Re8 18. Bc7 Be3+ 19. Kh1 Qg5 20. Qf3 $18)
17. Qd2 Be6 $15) 15... Qxe7 16. Be3 exf4 17. Bxf4 Ne5 {and black stands very
good.}) 12... Nde5 {Another possible move is 12...Nd4,but on my opinion,white
is better after that;let's see the games:} (12... Nxd4 13. Qxd4 Re8 (13... Rd8
$6 14. a4 Ne5 15. f6 Bf8 16. Qb6 Qxb6 17. Bxb6 Re8 18. Rad1 Bd7 19. Bc7 $16 {
1-0 Ivanchuk,V-Hellers,F/Tilburg 1993 (44)}) 14. f6 $5 (14. fxe6 fxe6 15. Bh5
Rf8 (15... g6 16. Nd5 $1 exd5 17. Qxd5+ Kh8 18. Qf7 Qd8 19. Bxg6 (19. Bd4+ Ne5
20. Bxg6 $1 hxg6 21. Qxg6 $18) 19... hxg6 20. Qxg6 {/\ Rf7 /\ Rf1-f7} Ne5 21.
Qh6+ Kg8 22. g6 $18 {N.Short}) 16. Rxf8+ Bxf8 17. Rf1 Ne5 (17... g6 18. Nd5
exd5 (18... Qc5 19. Rxf8+ Nxf8 20. Ne7+ Kf7 21. Qf6+) 19. Qxd5+ Kh8 20. Bd4+ {
Short/}) 18. Nd5 Qd8 19. Nb6 Rb8 20. Bf4 Nc6 (20... Nd7 21. Nc4 d5 22. Kh1 Bc5
23. Qd2 Ra8 24. Bf7+ Kh8 25. exd5 b5 26. Na5 $16 {Short,N-Ljubojevic,L/Novi
Sad(ol)/1990/1:0/43/} (26. Na5 {Boensch} Nf8 27. Be5 $1 $18 {1-0 Short,
N-Ljubojevic,L/Novi Sad olm 1990 (42)})) (20... Bd7 21. Bxe5 (21. Nxd7 Nxd7 22.
Bf7+ $2 Kxf7 23. Bxd6+ Kg8 24. Bxb8 Bc5 $19) 21... dxe5 22. Qxd7 Qxb6+ 23. Kh1
Qd6 24. Bf7+ Kh8 25. Bxe6 Qxd7 26. Bxd7 {/\ Rf7 /\ Rf1-f7} Be7 27. h4 Rf8 28.
Rxf8+ Bxf8 29. Bc8 {Short/}) 21. Qf2 g6 (21... g6 22. Bg4 Bg7 23. c3 e5 24.
Bxc8 exf4 25. Be6+ Kh8 26. h4 Nd4 27. cxd4 Qxb6 28. Rd1 Re8 29. Bd5 Rf8 30. b3
Qa7 31. Rd3 $16 {Lanka,Z-Vera,R/Luzern WchT(LAT-CUB)/1993/1:0/58/}) (21... e5
22. Be3 Be6 23. Bf7+ Bxf7 24. Qxf7+ Kh8 25. Nd7 $18 {Short})) (14. Rad1 Ne5 15.
f6 Bf8 $2 (15... gxf6 16. gxf6 Bf8 17. Kh1 b5 18. Rg1+ Kh8 19. Rg3 Bb7 20. Rdg1
Ng6 21. h4 d5 22. h5 (22. e5 Bc5 $1 $19) 22... Bd6 $13) 16. fxg7 Bxg7 (16...
Kxg7 17. Bh5 Kg8 18. Bf4 $1 $16) 17. Qxd6 Qxd6 18. Rxd6 $16 {Zagrebelny,
S-Tratar,M/Ljubljana op 1994/0-1 (69)}) 14... Bf8 15. fxg7 Bxg7 16. Qd2 Ne5 17.
Rad1 Rd8 18. a4 b6 19. Qe1 Rb8 20. Qg3 Qc6 21. Bd3 b5 22. axb5 axb5 23. Ne2 Nc4
24. Nd4 Qc7 25. Bxc4 Qxc4 26. Qh4 Bb7 27. b3 Qc5 28. Nf5 Qc3 29. Rd3 Qe5 30. g6
$1 $18 {Bologan,V-Ginsburg,G/Nikolaev(zt)/1993/1:0/37/}) 13. f6 Bd8 14. Bd3
$146 {[%cal Gd1h5] Novelty. Before,white played 14.fg,but black managed to
defend  his king and to get good counterplay,like it was in the next game:} (
14. fxg7 Kxg7 (14... Re8 $6 {Boensch} 15. Qd2 b5 16. Bh5 Ne7 17. b3 N7g6 18. a4
$1 $14 {1-0 Kholmov,R-Spassky,B/Moscow zt 1964 (56)}) 15. Qd2 b5 16. g6 hxg6
17. Bh6+ Kg8 18. Bxf8 Kxf8 19. Nxc6 Qxc6 20. Bd3 Kg7 21. Ne2 Bb7 22. Nf4 Bb6+
23. Kh1 Rh8 {and black has more than  enough compensation for the exchange:Sax,
G-Stean,J/Moscow/1976/0:1/36/  With the move 14.Bd3 white keeps the tension
and preparing to continue the attack with Qd1-h5,but all this}) 14... Nxd4 {
Another idea was:14...gf 15.gf Kh8,but probably,it doesn't work:} (14... gxf6
15. gxf6 Kh8 (15... Nxd4 $5 16. Bxd4 Kh8 {will be analized later.}) (15... Qb6
{Boensch  Dieser selbstmörderisch anmutende Zug stammt von "Herrn Fritz".  Wie
die nachstehenden Beispielvarianten zeigen,ist es mir nicht gelungen Schwarz
matt zu setzen.} 16. Na4 (16. Kh1 Nxd4 17. Na4 Qc6 18. Bxd4 Ng6 (18... Kh8 $2
19. Bxe5 dxe5 20. Qh5 $18) 19. Qh5 Kh8 20. Nc3 (20. Rf3 e5 21. Rg1 exd4 22. Qh6
Rg8 23. Rg5 Bxf6 24. Rxf6 Be6 $17) 20... Bb6 21. Qh6 Rg8 $13) (16. Nf5 Qxb2 17.
Na4 (17. Qe1 exf5 18. Rb1 Qa3 19. Rb3 Qa5 20. Qg3+ Ng4 21. exf5 h5 $17) 17...
Qa3 18. Nh6+ Kh8 19. Nb6 Bxb6 20. Bxb6 $13) 16... Qa5 17. c3 (17. Qh5 Qxa4 (
17... Kh8 $2 18. Nxc6 Rg8+ 19. Kh1 bxc6 20. Rg1 Rg6 21. Rxg6 Nxg6 22. Bg5 $1
$18) 18. Qh6 (18. Nxc6 Qxc6 19. Qh6 Bxf6 20. Qxf6 Ng4 $1 $13) 18... Bxf6 19.
Qxf6 Ng4 $13) 17... Bd7 $13) 16. Bh6 Rg8+ (16... Re8 $2 17. Nxc6 bxc6 18. Qh5
Qb6+ 19. Kh1 Qxb2 20. Qg5 Ng6 21. Bg7+ Kg8 22. Qh6 Qxc3 23. Bh8 $18) 17. Bg7+
Rxg7+ 18. fxg7+ Kxg7 19. Nxc6 bxc6 20. Kh1 {and black hasn't enough
compensation,due to his unsave king.}) 15. Bxd4 Qa5 $2 {Black made this move
almost immediately,showing that it was prepared at home.But actually,it's a 
mistake!During the game,I expected 15...gf 16.gf Kh8;let's see the variations:}
(15... gxf6 16. gxf6 Kh8 17. Kh1 Rg8 18. Bxe5 $1 {This knight was the best
black defender,now white's attack became very strong;but also natural 18.Qh5
was strong:} (18. Qh5 Nxd3 $5 (18... Rg6 19. Bxe5 $1 {-18.Be5} (19. Qh4 $6 Nxd3
$1 20. cxd3 e5 21. Be3 Be6 $13)) 19. cxd3 e5 (19... Rg6 20. Rg1 Bxf6 21. Rxg6
Bxd4 22. Rh6 f6 23. Ne2 $18) 20. Rg1 $1 Rg6 $8 21. Nd5 Qd7 22. Ne7 $1 Qe8 (
22... Bxe7 23. Rxg6 fxg6 24. Qh6 {and mating on the next move.}) 23. Nxg6+ fxg6
24. Qh6 Qf7 25. Be3 $16) 18... dxe5 19. Qh5 Rg6 20. Qh4 Qb6 (20... Qc5 21. Rf3
Bb6 22. Rg3 $16) (20... b5 {Boensch} 21. Rf3 Qc5 22. Rh3 h6 23. Qxh6+ (23. b4
Qf8 (23... Qxb4 $4 24. Qxh6+ Rxh6 25. Rxh6+ Kg8 26. Rg1+ Kf8 27. Rh8#) 24. Rf1
Kh7 $13 25. -- Qh8 $140) 23... Rxh6 24. Rxh6+ Kg8 25. Rg1+ Qxg1+ 26. Kxg1 Bb7
$13) 21. Rf3 $1 Qxb2 22. Rb1 Qxc3 23. Rh3 h6 24. Qxh6+ $1 Rxh6 25. Rxh6+ Kg8
26. Rg1+ Kf8 27. Rh8#) 16. fxg7 Kxg7 {ATTACK} (16... Re8 17. Kh1 {and now 17...
Bb6 is losing:} Bb6 18. Bxe5 Qxe5 19. Rxf7 $1 Kxf7 20. Qh5+ Kxg7 21. Rf1 $1 $18
) 17. Kh1 $1 {Only this move was unexpected for black.After the game Judith
told me that she analized only 17.Qh5.But the prophylactic move in the game is
much stronger.White doesn't change the bishops,he wants to move out the knight}
(17. Qh5 Bb6 18. Bxb6 Qxb6+ 19. Kh1 Rg8 $1 20. Rf4 Kh8 $13) 17... Bb6 {It's
very difficult to give any advices in this position,but this move is losing
almost by force; probably black has to play} (17... Bxg5 $5 18. Rg1 h6 (18...
Kh6 $2 19. Rxg5 $1 Kxg5 20. Qd2+ $1 Kh5 (20... Kf6 21. Nd5+ {winning a queen.})
21. Be2+ Ng4 22. Bxg4+ Kxg4 23. Rg1+ {and mating in a couple of  moves.}) 19.
h4 f6 20. hxg5 hxg5 {and white still has a big technical problems,because
black's king is save and the knight on e5 placed very good.} (20... hxg5 {
Boensch} 21. Kg2 $16)) 18. Bxe5+ Qxe5 19. Qh5 {It's hard to believe,but now
black's position is lost!White is just playing Rf6,Raf1,Qh6,and,finally,g5-g6;
black can't do anything against this. /\ Rf1-f6, Ra1-f1, Qh5-h6, g5-g6} Be3 {
All other moves also didn't save,but the best chanse was:} (19... Bd7 20. Rf6
Be3 (20... Bd8 21. Qh6+ Kg8 22. Raf1 Be7 23. R1f3 {and then 24.Rh3 and mating.}
) (20... Rac8 21. Raf1 Be8 22. Qh6+ Kg8 23. g6 $18) 21. Raf1 Be8 22. Qh6+ Kg8
23. Nd5 $1 exd5 24. exd5 Qxd5+ 25. R1f3 Qxd3 26. cxd3 Bc6 27. Kg2 {and white
should win,but he has some technical problems.}) (19... Bd8 {Boensch} 20. Rf3
b5 21. Raf1 Ra7 22. Rf6 (22. Rh3 $2 Rh8 23. Qh6+ Kg8 $13) 22... Kg8 23. Qh6 Re8
24. R1f3 b4 25. Rh3 bxc3 26. Qxh7+ Kf8 27. Rhf3 $18) (19... Bd4 $6 {! Gutman,L:
bietet Rettungschancen.} 20. Rf3 (20. Rf6 $1 $18 {Fritz z.B.} b5 21. Raf1 Ra7
22. Qh6+ Kg8 23. g6 $1 hxg6 24. Rxg6+ Qg7 25. Rxg7+ Bxg7 26. Rg1 $18) 20... b5
21. Raf1 Ra7 22. Nd1 $1 (22. Nd5 $2 exd5 23. exd5 f5 $1 24. gxf6+ Kh8 25. Qh6
Rg8 26. f7 Rxf7 27. Rxf7 Qxd5+ 28. R7f3 Qxf3+ 29. Rxf3 Rg1#) 22... Rc7 23. c3
Bb6 24. Nf2 Bxf2 25. R1xf2 Bb7 26. Rf4 $36) 20. Rf3 {Now black is losing
immediately.} Bxg5 21. Rg1 f6 22. h4 {and in a view of variation 22...h6 23.hg
hg 24.Rh3,black resigned.} (22. h4 {Boensch} h6 23. hxg5 hxg5 24. Rh3 Rg8 25.
Qh7+ Kf8 26. Qc7 Qc5 27. Qd8+ Kf7 28. Rh7+ Rg7 29. Rh8 $18) 1-0